Regulating information asymmetry in the residential real estate market : the Hong Kong experience

Bibliographic Details
Main Author: Lin, Devin S. (Author)
Format: Book
Language:English
Published: New York : Routledge 2018
Edition:First edition
Subjects:

MARC

LEADER 00000cam a2200000 7i4500
001 0000029503
005 20241128.0
008 211221 nyu eng
020 |a 9780367736101 
040 |a INS   |b eng   |e rda 
090 0 0 |a KNQ9317   |b L56 2018 
100 1 |a Lin, Devin S. ,   |e author 
245 1 0 |a Regulating information asymmetry in the residential real estate market :   |b the Hong Kong experience   |c Devin S. Lin 
250 |a First edition 
264 1 |a New York :   |b Routledge   |c 2018 
264 4 |c ©2018 
300 |a xvi, 280 pages :   |b illustrations ;   |c 24 cm. 
336 |a text  |2 rdacontent 
337 |a unmediated  |2 rdamedia 
338 |a volume  |2 rdacarrier 
500 |a Includes index 
650 0 |a Land grants   |x Law and legislation   |z China   |z Hong Kong 
650 0 |a Real estate business   |x Law and legislation   |z China   |z Hong Kong 
650 0 |a Residential real estate   |z China   |z Hong Kong 
650 0 |a Vendors and purchasers   |z China   |z Hong Kong 
999 |a 1000004321   |b BOOK   |c Open Shelf   |e Default branch